Phương pháp mới trong dạy - học Địa lí 11

Wedi'i Gadw mewn:
Manylion Llyfryddiaeth
Prif Awdur: Trần, Thị Kim Oanh
Fformat: Llyfr
Iaith:Undetermined
Cyhoeddwyd: Hà Nội Đại học quốc gia Hà Nội 2007
Pynciau:
Tagiau: Ychwanegu Tag
Dim Tagiau, Byddwch y cyntaf i dagio'r cofnod hwn!
Thư viện lưu trữ: Trung tâm Học liệu Trường Đại học Cần Thơ
LEADER 00615nam a2200205Ia 4500
001 CTU_129292
008 210402s9999 xx 000 0 und d
020 |c 25000 
082 |a 910.7 
082 |b O.408 
100 |a Trần, Thị Kim Oanh 
245 0 |a Phương pháp mới trong dạy - học Địa lí 11 
245 0 |c Trần Thị Kim Oanh 
260 |a Hà Nội 
260 |b Đại học quốc gia Hà Nội 
260 |c 2007 
650 |a Geography 
650 |x Study and teaching ( secondary ) 
904 |i Tuyến 
980 |a Trung tâm Học liệu Trường Đại học Cần Thơ